| 000 | 00717cam a2200217 4500 | ||
|---|---|---|---|
| 001 | ABS62451 | ||
| 008 | 000000n2000 000 0 eng u | ||
| 035 | _a(Sirsi) u106684 | ||
| 100 | _aVoyce, M. | ||
| 245 | 4 | _aThe centre of attention | |
| 260 | _c2000 | ||
| 490 |
_aRetail Week _v 9 June 2000, 26-29(4) |
||
| 520 | _aA series of articles which explore the different factors behind some major retail refurbishment projects, as competition forces shopping centre owners to revamp their centres. | ||
| 590 | _aABS | ||
| 650 | _aSHOPPING CENTRES | ||
| 650 | _aREFURBISHMENT PROJECTS | ||
| 650 | _aCOMPETITION | ||
| 690 | _aPROPERTY-COMMERCIAL PROPERTY-RETAIL PROPERTY | ||
| 700 | _aMoore, M. | ||
| 942 | _n0 | ||
| 999 |
_c63869 _d63869 |
||